000 00501nam a2200169Ia 4500
999 _c1635
_d1635
003 OSt
005 20200930130210.0
008 190216s9999||||xx |||||||||||||| ||und||
040 _coclc
082 _a641.1
_bMCC/C
100 _aMccance, R A
_95213
245 0 _aThe Chemical Composition Of Foods /
_cR A Mccance ; E M Widdowson
260 _bAgro Botanical Publishers,
_aBikanir:
_c1993.
300 _a150p
650 _aBotany
942 _cBK
_2ddc
_h641.1
_iMCC/C
_k641.1
_mMCC/C